Verknüpfte Modernitäten : Brasilianisch-deutsche Interferenzen in Bezug auf Kulturpolitik und Menschenbild in der Nachkriegszeit.

Bibliographic Details
Main Author: Neubauer, Susanne.
Format: eBook
Language:German
Published: Bielefeld : transcript, 2022.
Edition:1st ed.
Series:Histoire
Subjects:
Online Access:Click to View
LEADER 01786nam a22003853i 4500
001 EBC7024721
003 MiAaPQ
005 20231204023226.0
006 m o d |
007 cr cnu||||||||
008 231204s2022 xx o ||||0 ger d
020 |a 9783839453353  |q (electronic bk.) 
020 |z 9783837653359 
035 |a (MiAaPQ)EBC7024721 
035 |a (Au-PeEL)EBL7024721 
035 |a (OCoLC)1334104768 
040 |a MiAaPQ  |b eng  |e rda  |e pn  |c MiAaPQ  |d MiAaPQ 
100 1 |a Neubauer, Susanne. 
245 1 0 |a Verknüpfte Modernitäten :  |b Brasilianisch-deutsche Interferenzen in Bezug auf Kulturpolitik und Menschenbild in der Nachkriegszeit. 
250 |a 1st ed. 
264 1 |a Bielefeld :  |b transcript,  |c 2022. 
264 4 |c {copy}2022. 
300 |a 1 online resource (283 pages) 
336 |a text  |b txt  |2 rdacontent 
337 |a computer  |b c  |2 rdamedia 
338 |a online resource  |b cr  |2 rdacarrier 
490 1 |a Histoire 
505 0 |a Cover -- Inhalt -- Einführung -- 1 Eine vorglobale tropische Moderne im internationalen Kontext -- 2 Paradigmen der Internationalisierung und ihre kulturpolitischen Verflechtungen -- 3 Modernismen in Nahsicht -- Bibliografie -- Bildnachweise. 
588 |a Description based on publisher supplied metadata and other sources. 
590 |a Electronic reproduction. Ann Arbor, Michigan : ProQuest Ebook Central, 2023. Available via World Wide Web. Access may be limited to ProQuest Ebook Central affiliated libraries.  
655 4 |a Electronic books. 
776 0 8 |i Print version:  |a Neubauer, Susanne  |t Verknüpfte Modernitäten  |d Bielefeld : transcript,c2022  |z 9783837653359 
797 2 |a ProQuest (Firm) 
830 0 |a Histoire 
856 4 0 |u https://ebookcentral.proquest.com/lib/matrademy/detail.action?docID=7024721  |z Click to View